T9->Bytom Plac Sikorskiego - Statystyki

Ogólne statystyki
  • Ten quiz został rozwiązany 6 razy
  • Średni wynik to 23 z 37
Statystyki odpowiedzi
Miasto Przystanek % Poprawnych
Bytom Bytom Plac Sikorskiego
83%
Ruda Śląska Chebzie Pętla
83%
Chorzów Chorzów AKS
83%
Chorzów Chorzów Rynek
83%
Chorzów Chorzów Stadion Śląski
83%
Chorzów Chorzów Teatr Rozrywki
83%
Ruda Śląska Godula Inkubator
83%
Ruda Śląska Godula Osiedle Paryż
83%
Ruda Śląska Bykowina Mijanka
67%
Bytom Bytom Jagiellońska
67%
Bytom Bytom Zamłynie
67%
Chorzów Chorzów Dworcowa
67%
Ruda Śląska Godula Plac Niepodległości
67%
Świętochłowice Świętochłowice Gazownia
67%
Świętochłowice Świętochłowice Mijanka
67%
Bytom Szombierki Frycza Modrzewskiego
67%
Bytom Szombierki Kolonia Górnicza
67%
Bytom Szombierki Kopalnia
67%
Bytom Szombierki Kościół
67%
Bytom Szombierki Młyn
67%
Ruda Śląska Wirek Kopalnia Pokój
67%
Świętochłowice Zgoda Skrzyżowanie
67%
Ruda Śląska Bykowina Niedźwiedziniec
50%
Ruda Śląska Chebzie Pawła
50%
Chorzów Chorzów Bałtycka
50%
Chorzów Chorzów Omańkowskiej
50%
Chorzów Chorzów Żeromskiego
50%
Ruda Śląska Nowy Bytom Grochowska
50%
Ruda Śląska Nowy Bytom Huta Pokój
50%
Ruda Śląska Nowy Bytom Osiedle Kaufhaus
50%
Ruda Śląska Nowy Bytom Urząd Miasta
50%
Ruda Śląska Wirek Katowicka
50%
Ruda Śląska Wirek Odrodzenia
50%
Świętochłowice Zgoda Ceramiczna
50%
Świętochłowice Zgoda Droga Kochłowicka
50%
Świętochłowice Zgoda Komenda Policji
50%
Chorzów Chorzów Św. Jadwigi
0%
Nie znaleziono quizów pasujących do podanych kryteriów
Rozkład punktacji
Procent ludzi z każdym wynikiem
Percentyl według liczby udzielonych odpowiedzi
Twoja historia wyników
Nie rozwiązałeś tego quizu